000 00364nam a2200133Ia 4500
008 151001s9999||||xx |||||||||||||| ||und||
100 _aAparna Namabiar
245 _aWatting for grandma & the best gift of all
250 _a1
260 _bDC Books
260 _c2008
300 _a0
365 _b18
999 _c992975
_d992972